000 00768nab a2200241 u 4500
001 15785
003 HDC
007 cr bn ---aaaaa
008 210219c mydr|noo 0 a may d
040 _aHDC
245 0 _aSarawak, Sabah mampu jadi pengeluar daging halal utama
260 _aMalaysia :
_bBerita Harian,
_c2004
336 _atext
_2rdacontent
337 _acomputer
_2rdamedia
338 _aonline resource
_2rdacarrier
650 _ahalal food
_950
650 _ahalal industry
_9144
710 _aBerita Harian
856 _zRequest full-text at [email protected]
942 _2lcc
942 _cNEWS
942 _kNSWO 008321
999 _c13101
_d13101